000 01085cam a22002891a 4500
001 000013566
005 20250701132841.0
008 801014s1986 mx a b 001 0 spa d
010 _a75590634
020 _a9632300207
035 _a(DLC) 75590634
040 _aDO-SdBNP
_bBNPHU
_cDLC
082 _a338.91
_bS958s, 1986
100 1 _aSunkel, Osvaldo,
_d1929-
_930937
245 1 3 _aEl subdesarrollo latinoamericano y la teoría del desarrollo /
_cOsvaldo Sunkel ; colaboración de Pedro Paz.
250 _a19a. ed.
260 _aMexico :
_bSiglo Veintiuno Editores,
_c1986.
300 _aviii, 385 p. :
_bil. ;
_c23 cm.
490 1 _aTextos del Instituto Latinoamericano de planificación Económica y Social
504 _aIncluye referencia bibliográfica e índice.
650 0 _aDesarrollo económico
_985548
651 4 _aAmérica Latina
_xCondiciones Económicas
_95778
700 1 _aPaz, Pedro,
_ejoint author.
_930938
830 0 _aTextos del Instituto Latinoamericano de planificación Económica y Social
_930939
910 _aCatalogación derivada
049 _aBNGR
999 _c13188
_d13188